000 00351 a2200157 4500
001 71311
020 _a8508066856
040 _cAnchieta - Colégio São Paulo
100 _aRocha, Ruth
240 1 0 _aDavi ataca outra vez
_lpor
245 1 0 _aDavi ataca outra vez
300 _a[36]
362 0 _a1999
650 4 _aLiteratura infantil
942 _cBK
999 _c71311
_d71311